000 00863nam a22002297a 4500
999 _c4223
_d4223
003 AR-CdUCM
008 190308b ||||| |||| 00| 0 spa d
020 _a968-419-089-1
040 _aMUNICIPALIDAD PROVINCIAL DEL CUSCO
_cBIBLIOTECA MUNICIPAL DEL CUSCO
082 _a700.1 /
_bSA19
100 _aSánchez Vásquez, Adolfo
_913369
245 _aSobre arte y revolución /
260 _aMéxico, D.F :
_b Edit. Grijalbo,
_c1975.
300 _a75 paginas ;
_c23 cm.
500 _aDonacion de la Familia Nieto
505 _aVanguardia artística y vanguardia política -- Lenin y el arte -- Lenin el arte y la revolución -- Lunacharsky y las aporias del arte y la revolución -- Socialización de la creación o muerte del arte.
650 _aArte
_9561
650 _aRevolucion
_91867
650 _aLenin
_92073
942 _2ddc
_cLIBROS
945 _awnts